The Last Word (Record no. 34935)

MARC details
000 -LEADER
fixed length control field 00272nam a2200121Ia 4500
003 - CONTROL NUMBER IDENTIFIER
control field OSt
005 - DATE AND TIME OF LATEST TRANSACTION
control field 20250131094124.0
008 - FIXED-LENGTH DATA ELEMENTS--GENERAL INFORMATION
fixed length control field 221129s9999 xx 000 0 und d
100 ## - MAIN ENTRY--PERSONAL NAME
Personal name Kureishi Hanif
9 (RLIN) 498
245 #4 - TITLE STATEMENT
Title The Last Word
650 ## - SUBJECT ADDED ENTRY--TOPICAL TERM
Topical term or geographic name as entry element English
9 (RLIN) 499
942 ## - ADDED ENTRY ELEMENTS (KOHA)
Source of classification or shelving scheme Dewey Decimal Classification
Koha item type Books
Holdings
Withdrawn status Lost status Source of classification or shelving scheme Damaged status Not for loan Home library Date acquired Total Checkouts Full call number Barcode Date last seen
    Dewey Decimal Classification     St Aloysius College 29/11/2022   823 KUR 36583 29/11/2022

Powered by Koha